000 003980000a22001810004500
003 LK-CoMWRAF
008 230817t ||||| |||| 00| 0 eng d
020 _a9559687700
040 _aLK-CoMWRAF
_dLK-CoMWRAF
_eLK-CoMWRAF
041 _aeng
082 _a023
_bKHA
100 _aKhan,M.Ashroof
245 _aMul
_b
260 _b
_a
_c1999
300 _ap.196
650 _aRadio Dramas
942 _cBK
999 _c433
_d433